<?xml version="1.0" encoding="UTF-8"?><OAI-PMH xmlns="http://www.openarchives.org/OAI/2.0/" xmlns:xsi="http://www.w3.org/2001/XMLSchema-instance"     xsi:schemaLocation="http://www.openarchives.org/OAI/2.0/ http://www.openarchives.org/OAI/2.0/OAI-PMH.xsd"><responseDate>2026-06-07T00:40:28Z</responseDate><request verb="GetRecord" identifier="oai:regmurcia.com:fintegr.2791" metadataPrefix="marc21">http://oai.regmurcia.com/oai2/oai2.php</request><GetRecord><record><header><identifier>oai:regmurcia.com:fintegr.2791</identifier><datestamp>2026-06-07</datestamp><setSpec>documentos</setSpec></header><metadata><record  xmlns="http://www.loc.gov/MARC21/slim" xmlns:xsi="http://www.w3.org/2001/XMLSchema-instance" xsi:schemaLocation="http://www.loc.gov/MARC21/slim http://www.loc.gov/standards/marcxml/schema/MARC21slim.xsd" type="Bibliographic"><leader>00000nam a2200000   4500</leader><controlfield tag="001" >005129868</controlfield><controlfield tag="003" >2791</controlfield><controlfield tag="004" >A00000000</controlfield><datafield tag="245" ind1=" " ind2=" "><subfield code="a">Cédula de Felipe III al concejo de Murcia, autorizando la saca de 80.000 ducados por el puerto de Cartagena para comprar trigo del  extranjero con  que abastecer la ciudad.</subfield></datafield><datafield tag="300" ind1=" " ind2=" "><subfield code="a">Fol. 62</subfield></datafield><datafield tag="300" ind1=" " ind2=" "><subfield code="c">300 x 197 mm.</subfield></datafield><datafield tag="351" ind1=" " ind2=" "><subfield code="a">Unidad Documental Simple</subfield><subfield code="c">Archivo de Murcia. Array</subfield><subfield code="a">Unidad Documental Simple</subfield><subfield code="c">Archivo de Murcia. Array</subfield></datafield><datafield tag="351" ind1=" " ind2=" "><subfield code="b">Doc. 45</subfield></datafield><datafield tag="520" ind1=" " ind2=" "><subfield code="a">Felipe III autoriza la concejo de Murcia la saca de 80.000 ducados por el puerto de Cartagena, para comprar trigo del extrajero para poder abastecer la ciudad de Murcia. El dinero debe ser controlado por las autoridades locales de Cartagena, deben verificar que sea moneda acuñada y que la cantidad no exceda de la autorizada. Manda que la cuestión se resuelva en el plazo de seis meses, tras los cuales la autorización dejara de tener validez.</subfield></datafield><datafield tag="583" ind1=" " ind2=" "><subfield code="u">http://www.regmurcia.com/servlet/s.Sl?METHOD=VERDOCUMENTO&amp;sit=serv,Carmesi&amp;n=/01/5152/indice.djvu</subfield></datafield><datafield tag="592" ind1=" " ind2=" "><subfield code="a">1598-10-02</subfield></datafield><datafield tag="592" ind1=" " ind2=" "><subfield code="d">1598-10-02 00:00:00</subfield></datafield><datafield tag="651" ind1=" " ind2=" "><subfield code="a">Madrid</subfield></datafield><datafield tag="786" ind1=" " ind2=" "><subfield code="o">http://www.regmurcia.com/servlet/s.Sl?METHOD=VERDOCUMENTO&amp;sit=serv,Carmesi&amp;n=/01/5152/indice.djvu</subfield></datafield><datafield tag="856" ind1=" " ind2=" "><subfield code="u">http://www.regmurcia.com/servlet/s.Sl?METHOD=DETALLE&amp;sit=c,373,m,139,serv,Carmesi&amp;id=2791</subfield></datafield></record></metadata></record></GetRecord></OAI-PMH>
